[Event "68th ch-RUS w 2018"]
[Site "Satka RUS"]
[Date "2018.08.25"]
[Round "1.1"]
[White "Bodnaruk, Anastasia"]
[Black "Shuvalova, Polina"]
[Result "1-0"]
[WhiteTitle "IM"]
[BlackTitle "WIM"]
[WhiteElo "2449"]
[BlackElo "2413"]
[WhiteFideId "4181751"]
[BlackFideId "24171760"]
[EventDate "2018.08.25"]

1. e4 c6 2. d4 d5 3. e5 Bf5 4. Nf3 e6 5. Be2 Ne7 6. O-O Ng6 7. Be3 Nd7 8. Nbd2
f6 9. c4 fxe5 10. dxe5 Ndxe5 11. Nd4 Bb4 12. g4 c5 13. cxd5 O-O 14. Nxf5 exf5
15. gxf5 Nh4 16. Ne4 Nxf5 17. d6 Kh8 18. Qd5 Nc6 19. Kh1 Ncd4 20. Bxd4 cxd4 21.
d7 Qh4 22. Rac1 Qf4 23. Ng3 Bd6 24. Qxb7 Rad8 25. Rc8 Qh4 26. Qg2 Qe7 27. Nxf5
Rxf5 28. Bg4 Rff8 29. Qh3 Qe4+ 30. Qg2 Qf4 31. Re1 Qf7 32. Rd1 h5 33. Bh3 Qf4
34. Re1 Be5 35. Qg3 Qxg3 36. hxg3 d3 37. Rxe5 1-0

[Event "68th ch-RUS w 2018"]
[Site "Satka RUS"]
[Date "2018.08.25"]
[Round "1.2"]
[White "Gritsayeva, Oksana"]
[Black "Girya, Olga"]
[Result "1/2-1/2"]
[WhiteTitle "WFM"]
[BlackTitle "WGM"]
[WhiteElo "2391"]
[BlackElo "2462"]
[WhiteFideId "14104652"]
[BlackFideId "4195752"]
[EventDate "2018.08.25"]

1. e4 c6 2. d4 d5 3. f3 e6 4. Nc3 Bb4 5. Ne2 Ne7 6. Be3 Nd7 7. a3 Ba5 8. Qd2 O-O
9. Ng3 f5 10. exf5 Nxf5 11. Nxf5 exf5 12. Bd3 Qf6 13. g3 Re8 14. O-O Nf8 15. b4
Bc7 16. Ne2 Be6 17. c3 Nd7 18. Rae1 Nb6 19. Bf4 Rac8 20. Bxc7 Rxc7 21. Nf4 Rce7
22. h4 Bf7 23. Kf2 Nc8 24. Rxe7 Rxe7 25. Re1 Nd6 26. a4 h6 27. Rxe7 Qxe7 28. Qe3
Qxe3+ 29. Kxe3 Kf8 30. g4 fxg4 31. fxg4 Ke7 32. g5 hxg5 33. hxg5 Be8 34. Kf3 Nc8
35. a5 b6 36. axb6 axb6 37. Ng2 Kd6 38. Kf4 Ne7 39. Nh4 Bd7 40. Nf3 c5 41. bxc5+
bxc5 42. dxc5+ Kxc5 43. Nd4 Kd6 44. Bc2 Be8 45. Bd3 Bd7 46. Ne2 Be8 47. Ng3 Bf7
48. Nf5+ Nxf5 49. Kxf5 Bh5 50. Bf1 Be8 51. Be2 Bf7 52. Bb5 Bh5 53. Ba4 Bf7 54.
Bd1 Be8 55. Be2 1/2-1/2

[Event "68th ch-RUS w 2018"]
[Site "Satka RUS"]
[Date "2018.08.25"]
[Round "1.3"]
[White "Galliamova, Alisa"]
[Black "Kosteniuk, Alexandra"]
[Result "1-0"]
[WhiteTitle "IM"]
[BlackTitle "GM"]
[WhiteElo "2424"]
[BlackElo "2559"]
[WhiteFideId "4129725"]
[BlackFideId "4128125"]
[EventDate "2018.08.25"]

1. d4 Nf6 2. c4 e6 3. Nf3 d5 4. g3 dxc4 5. Bg2 a6 6. O-O Nc6 7. Bg5 Be7 8. e3
Nd5 9. Bxe7 Ncxe7 10. a4 Rb8 11. Ne5 b5 12. axb5 axb5 13. b3 cxb3 14. Qxb3 c5
15. dxc5 Qc7 16. Nd3 O-O 17. Nc3 Rd8 18. Nxd5 Nxd5 19. Rfc1 b4 20. Rc4 Rb5 21.
Bxd5 Rxd5 22. c6 Ra5 23. Rxa5 Qxa5 24. Qxb4 Qc7 25. Qc3 h5 26. Rd4 Rb5 27. Nb4
g6 28. h4 Kh7 29. e4 Qa5 30. Rc4 e5 31. Nd5 Qxc3 32. Rxc3 Kg7 33. Ne7 Rb8 34. c7
Ra8 35. Kg2 f5 36. Rb3 Kf7 37. Rb8 Kxe7 38. Rxa8 Kd7 39. Ra7 Kc6 40. Ra5 fxe4
41. Rxe5 Kxc7 42. Rxe4 Bb7 43. f3 Bxe4 44. fxe4 1-0

[Event "68th ch-RUS w 2018"]
[Site "Satka RUS"]
[Date "2018.08.25"]
[Round "1.4"]
[White "Gunina, Valentina"]
[Black "Protopopova, Anastasiya"]
[Result "1-0"]
[WhiteTitle "GM"]
[BlackTitle "WFM"]
[WhiteElo "2528"]
[BlackElo "2332"]
[WhiteFideId "4167570"]
[BlackFideId "24172073"]
[EventDate "2018.08.25"]

1. e4 e5 2. Nf3 Nc6 3. Bb5 a6 4. Ba4 Nf6 5. O-O Be7 6. d3 b5 7. Bb3 d6 8. a4 b4
9. a5 O-O 10. h3 Be6 11. Nbd2 Rb8 12. Nc4 Nd7 13. Ba4 Nd4 14. Nxd4 exd4 15. f4
f5 16. exf5 Bxf5 17. Bc6 b3 18. cxb3 Nc5 19. b4 Rxb4 20. Ra3 Be6 21. Qe1 d5 22.
Ne5 Rb8 23. b4 Ne4 24. dxe4 Bxb4 25. Qe2 Bxa3 26. Bxa3 Rf6 27. f5 1-0

[Event "68th ch-RUS w 2018"]
[Site "Satka RUS"]
[Date "2018.08.25"]
[Round "1.5"]
[White "Kashlinskaya, Alina"]
[Black "Goryachkina, Aleksandra"]
[Result "1-0"]
[WhiteTitle "IM"]
[BlackTitle "WGM"]
[WhiteElo "2440"]
[BlackElo "2535"]
[WhiteFideId "4198026"]
[BlackFideId "4147103"]
[EventDate "2018.08.25"]

1. e4 c5 2. c3 d5 3. exd5 Qxd5 4. d4 Nf6 5. Nf3 Bg4 6. dxc5 Qxc5 7. h3 Bd7 8.
Be2 e6 9. O-O Be7 10. c4 O-O 11. Nc3 Rd8 12. Qc2 Qc7 13. Be3 Bc6 14. Nd4 Nbd7
15. Ncb5 Bxb5 16. Nxb5 Qb8 17. Rad1 a6 18. Nc3 Qc7 19. a3 Bc5 20. Bxc5 Qxc5 21.
b4 Qc7 22. Qb3 h5 23. c5 Ne5 24. Na4 h4 25. Nb6 Rab8 26. Qe3 Ng6 27. Bf3 Ne7 28.
Rfe1 Nf5 29. Qc3 Rxd1 30. Rxd1 e5 31. Re1 Re8 32. Nc4 e4 33. Bg4 Nh6 34. Nd6 Rd8
35. Qe5 b6 36. Nxf7 Qxe5 37. Nxe5 bxc5 38. bxc5 Nhxg4 39. Nxg4 Nxg4 40. hxg4 Rc8
41. Rc1 Kf7 42. Kf1 Ke6 43. Ke2 Kd7 44. Ke3 Rb8 45. Rc2 Rb3+ 46. Kxe4 Rxa3 47.
Kf5 Ra1 48. Kg5 Kc6 49. f4 a5 50. f5 Rf1 51. Ra2 Kb5 52. c6 Rc1 53. Kg6 1-0

[Event "68th ch-RUS w 2018"]
[Site "Satka RUS"]
[Date "2018.08.25"]
[Round "1.6"]
[White "Tomilova, Elena"]
[Black "Pogonina, Natalija"]
[Result "0-1"]
[WhiteTitle "WIM"]
[BlackTitle "WGM"]
[WhiteElo "2332"]
[BlackElo "2469"]
[WhiteFideId "4162340"]
[BlackFideId "4147855"]
[EventDate "2018.08.25"]

1. c4 e5 2. g3 Nf6 3. Bg2 d5 4. cxd5 Nxd5 5. Nf3 Nc6 6. O-O Be7 7. d4 exd4 8.
Nxd4 Nxd4 9. Qxd4 Nf6 10. Qa4+ c6 11. Rd1 Qb6 12. Be3 Bc5 13. Bxc5 Qxc5 14. b4
Qb6 15. Nd2 O-O 16. Nc4 Qc7 17. Qa5 Qe7 18. Rd2 Be6 19. Ne3 Rad8 20. Rad1 Rxd2
21. Rxd2 Ng4 22. Nxg4 Bxg4 23. e3 Be6 24. a3 b6 25. Qa4 c5 26. bxc5 Qxc5 27. Rc2
Qd6 28. Bf3 Bh3 29. Qh4 Qd3 30. Rc1 Qxa3 31. Rd1 Be6 32. Be4 g6 33. Qf6 Qc5 34.
h4 Re8 35. Rd4 Qe7 36. Qe5 h5 37. Qb5 Rc8 38. Kg2 Qc5 39. Qa6 Qc7 40. Ra4 b5 41.
Rd4 Rb8 42. Rb4 Qb6 43. Qa1 a5 44. Rb1 b4 45. Qe5 b3 46. Rd1 b2 47. Bb1 Re8 48.
Rd6 Qc7 49. Kh2 a4 50. g4 Qb8 51. gxh5 Bf5 52. Qg3 Re6 53. Rd8+ Qxd8 54. Bxf5
Qd6 55. f4 Qd2+ 0-1

[Event "68th ch-RUS w 2018"]
[Site "Satka RUS"]
[Date "2018.08.26"]
[Round "2.1"]
[White "Shuvalova, Polina"]
[Black "Pogonina, Natalija"]
[Result "1/2-1/2"]
[WhiteTitle "WIM"]
[BlackTitle "WGM"]
[WhiteElo "2413"]
[BlackElo "2469"]
[WhiteFideId "24171760"]
[BlackFideId "4147855"]
[EventDate "2018.08.25"]

1. d4 Nf6 2. c4 e6 3. Nc3 d5 4. cxd5 exd5 5. Bg5 c6 6. e3 Be7 7. Bd3 Nbd7 8.
Nge2 Nf8 9. Qc2 g6 10. O-O Ne6 11. Bh4 O-O 12. f3 b6 13. Rad1 Bb7 14. Kh1 Rc8
15. a3 a5 16. Qc1 b5 17. Nf4 Nxf4 18. exf4 Nd7 19. Bxe7 Qxe7 20. Rfe1 Qf6 21. f5
Rfe8 22. Qf4 Re7 23. Re2 b4 24. axb4 axb4 25. Rxe7 Qxe7 26. Na4 Re8 27. g3 g5
28. Qd2 Qe3 29. Qxe3 Rxe3 30. Kg2 Kg7 31. Kf2 Re8 32. Rh1 h6 33. h4 Ra8 34. b3
Ra5 35. Ke3 c5 36. Nxc5 Nxc5 37. dxc5 Rxc5 38. Kd4 Rc3 39. hxg5 hxg5 40. f6+
Kxf6 41. Rh6+ Ke7 42. Rb6 Bc6 43. Rxb4 Rc1 44. Rb6 Kd7 45. b4 Kc7 46. Ra6 Rd1
47. Ra3 f6 48. g4 Bb5 49. Ke3 Bxd3 50. Rxd3 Rb1 51. Rxd5 Rxb4 52. Rd2 Rc4 53.
Rd1 Rb4 54. Rd5 Rc4 55. Rf5 Rc6 56. Ke4 Kd7 1/2-1/2

[Event "68th ch-RUS w 2018"]
[Site "Satka RUS"]
[Date "2018.08.26"]
[Round "2.2"]
[White "Goryachkina, Aleksandra"]
[Black "Tomilova, Elena"]
[Result "1/2-1/2"]
[WhiteTitle "WGM"]
[BlackTitle "WIM"]
[WhiteElo "2535"]
[BlackElo "2332"]
[WhiteFideId "4147103"]
[BlackFideId "4162340"]
[EventDate "2018.08.25"]

1. e4 e6 2. d4 d5 3. Nc3 Bb4 4. exd5 exd5 5. Bd3 Nc6 6. Nf3 Nf6 7. O-O O-O 8. a3
Bxc3 9. bxc3 h6 10. h3 Re8 11. Bf4 Ne4 12. c4 Nc3 13. Qd2 Ne4 14. Qd1 Nc3 15.
Qd2 Ne4 16. Qd1 Nc3 17. Qd2 1/2-1/2

[Event "68th ch-RUS w 2018"]
[Site "Satka RUS"]
[Date "2018.08.26"]
[Round "2.3"]
[White "Protopopova, Anastasiya"]
[Black "Kashlinskaya, Alina"]
[Result "1/2-1/2"]
[WhiteTitle "WFM"]
[BlackTitle "IM"]
[WhiteElo "2332"]
[BlackElo "2440"]
[WhiteFideId "24172073"]
[BlackFideId "4198026"]
[EventDate "2018.08.25"]

1. d4 d5 2. Nf3 Nf6 3. c4 c6 4. Nc3 dxc4 5. e3 b5 6. a4 b4 7. Na2 e6 8. Bxc4 Be7
9. Bd2 a5 10. O-O Nbd7 11. Nc1 O-O 12. Qe2 c5 13. Rd1 cxd4 14. Nxd4 Bb7 15. Be1
Qb6 16. Ncb3 Rfd8 17. f3 Nc5 18. Bf2 Nxb3 19. Nxb3 Rxd1+ 20. Rxd1 Rd8 21. Rc1
Rc8 22. e4 Qc7 23. Be3 Qe5 24. Bd4 Qh5 25. Bb5 Rxc1+ 26. Nxc1 Bc5 27. Nb3 Bxd4+
28. Nxd4 Qc5 29. Qc4 Nd7 30. Qxc5 Nxc5 31. Kf2 Kf8 32. Ke3 e5 33. Nf5 Bc8 34.
Nd6 Be6 35. Bc4 Ke7 36. Bxe6 Kxd6 37. Bxf7 Nxa4 38. b3 Nc5 39. g3 a4 40. bxa4
Nxa4 41. Kd3 Kc5 42. Bb3 Nb2+ 43. Kc2 Nc4 44. Kd3 Nb2+ 45. Kc2 Nc4 46. Kd3 Nb2+ 1/2-1/2

[Event "68th ch-RUS w 2018"]
[Site "Satka RUS"]
[Date "2018.08.26"]
[Round "2.4"]
[White "Kosteniuk, Alexandra"]
[Black "Gunina, Valentina"]
[Result "1/2-1/2"]
[WhiteTitle "GM"]
[BlackTitle "GM"]
[WhiteElo "2559"]
[BlackElo "2528"]
[WhiteFideId "4128125"]
[BlackFideId "4167570"]
[EventDate "2018.08.25"]

1. c4 e6 2. Nc3 d5 3. d4 a6 4. Nf3 Nf6 5. Qc2 c5 6. cxd5 exd5 7. Bg5 Nc6 8. Rd1
Nb4 9. Qb1 g6 10. e4 cxd4 11. Nxd4 h6 12. Bxf6 Qxf6 13. a3 Bc5 14. Nf3 O-O 15.
axb4 dxe4 16. Qxe4 Bh3 17. Nd5 Qxb2 18. Rd2 Qa1+ 19. Rd1 Qb2 20. Rd2 Qa1+ 21.
Rd1 Qg7 22. Qf4 g5 23. Qc4 Rfe8+ 24. Ne3 Bxe3 25. fxe3 Rxe3+ 26. Kf2 Qb2+ 27.
Be2 Rc8 28. Qxc8+ Bxc8 29. Kxe3 Kg7 30. Rd8 Be6 31. Nd4 Ba2 32. Rf1 Qxb4 33.
Nf5+ Kh7 34. Bd3 Qb6+ 35. Nd4+ Kg7 36. Rd6 Qc5 37. Ke4 Qb4 38. Ke3 Qa5 39. Nf5+
Kf8 40. Rxh6 Qe5+ 41. Kd2 Qb2+ 42. Ke3 Qe5+ 43. Kd2 Be6 44. Ne3 b5 45. h4 gxh4
46. Rxh4 a5 47. Nf5 b4 48. Nd4 Qg5+ 49. Rhf4 Bd5 50. Be4 Ba2 51. Bb1 Bd5 52. Be4
Ke8 53. Bxd5 Qxd5 54. Kd3 Qxg2 55. Rxf7 Qg6+ 56. R7f5 Qa6+ 57. Ke4 Qb7+ 58. Ke5
Qg7+ 59. Kd5 b3 60. Nxb3 Qb7+ 61. Kc5 Qe7+ 62. Kc6 Qe6+ 63. Kc7 Qd7+ 64. Kb6
Qe6+ 65. Kxa5 Qxb3 66. Rf7 Qxf7 1/2-1/2

[Event "68th ch-RUS w 2018"]
[Site "Satka RUS"]
[Date "2018.08.26"]
[Round "2.5"]
[White "Girya, Olga"]
[Black "Galliamova, Alisa"]
[Result "1/2-1/2"]
[WhiteTitle "WGM"]
[BlackTitle "IM"]
[WhiteElo "2462"]
[BlackElo "2424"]
[WhiteFideId "4195752"]
[BlackFideId "4129725"]
[EventDate "2018.08.25"]

1. d4 Nf6 2. c4 e6 3. Nf3 Bb4+ 4. Bd2 a5 5. a3 Bxd2+ 6. Qxd2 O-O 7. Nc3 d5 8. e3
b6 9. Rc1 Bb7 10. Qc2 c5 11. cxd5 cxd4 12. Nxd4 Nxd5 13. Nxd5 Qxd5 14. Qc4 Qd7
15. Qb5 Qd6 16. Qg5 Rd8 17. Rd1 Qc7 18. Be2 h6 19. Qg4 Nc6 20. Nxc6 Rxd1+ 21.
Bxd1 Bxc6 22. O-O Qe5 23. Bf3 Rc8 24. Bxc6 Rxc6 25. Qe2 Qe4 26. g3 Kh7 27. Rd1
Rc2 28. Qb5 Rc6 29. Qd3 Qxd3 30. Rxd3 Kg6 31. Kg2 f5 32. Rb3 e5 33. Kf3 e4+ 34.
Ke2 Kg5 35. h3 g6 36. Rb5 h5 37. Kf1 h4 38. g4 Kf6 39. gxf5 gxf5 40. Ke2 Rc2+
41. Kf1 Rc6 42. Ke2 1/2-1/2

[Event "68th ch-RUS w 2018"]
[Site "Satka RUS"]
[Date "2018.08.26"]
[Round "2.6"]
[White "Bodnaruk, Anastasia"]
[Black "Gritsayeva, Oksana"]
[Result "0-1"]
[WhiteTitle "IM"]
[BlackTitle "WFM"]
[WhiteElo "2449"]
[BlackElo "2391"]
[WhiteFideId "4181751"]
[BlackFideId "14104652"]
[EventDate "2018.08.25"]

1. e4 e5 2. Nf3 Nc6 3. Bb5 f5 4. d3 fxe4 5. dxe4 Nf6 6. O-O Bc5 7. Bxc6 bxc6 8.
Nxe5 O-O 9. Bg5 Qe8 10. Bxf6 Rxf6 11. Nd3 Bd4 12. c3 Bb6 13. e5 Rf8 14. c4 Bd4
15. Nd2 d6 16. Nb3 Bxe5 17. Nxe5 Qxe5 18. Qd2 Be6 19. Na5 c5 20. a3 Rf6 21. Rae1
Qh5 22. f4 Raf8 23. b3 Rh6 24. g3 Rhf6 25. Nc6 h6 26. Nxa7 g5 27. Re4 Qg6 28.
Qe3 Bh3 29. Nc6 Kh8 30. Ne7 Qg7 31. Nd5 R6f7 32. Re1 c6 33. Ne7 gxf4 34. Qd3
fxg3 35. hxg3 Rf3 36. Qxd6 Rxg3+ 37. Kh2 Rf2+ 38. Kh1 Bg2+ 39. Kg1 Bxe4+ 40.
Kxf2 Rf3+ 41. Ke2 Qg2+ 0-1

[Event "68th ch-RUS w 2018"]
[Site "Satka RUS"]
[Date "2018.08.27"]
[Round "3.1"]
[White "Gritsayeva, Oksana"]
[Black "Shuvalova, Polina"]
[Result "1/2-1/2"]
[WhiteTitle "WFM"]
[BlackTitle "WIM"]
[WhiteElo "2391"]
[BlackElo "2413"]
[WhiteFideId "14104652"]
[BlackFideId "24171760"]
[EventDate "2018.08.25"]

1. e4 e5 2. Nf3 Nc6 3. Nc3 Nf6 4. d4 exd4 5. Nxd4 Bb4 6. Nxc6 bxc6 7. Bd3 O-O 8.
O-O d5 9. exd5 cxd5 10. Bg5 c6 11. Qf3 h6 12. Bxf6 Qxf6 13. Qxf6 gxf6 14. Ne2
Bd6 15. Nd4 c5 16. Nf5 Bxf5 17. Bxf5 Rab8 18. b3 Rfe8 19. Rad1 Re5 20. Bg4 Rd8
21. f4 Ree8 22. Rxd5 Bxf4 23. Rfd1 Re1+ 24. Kf2 Rxd1 25. Rxd1 Rxd1 26. Bxd1 f5
27. Ke2 c4 28. b4 Kf8 29. h3 Ke7 30. c3 Kd6 31. Ba4 h5 32. Be8 Ke6 33. a4 h4 34.
a5 Bc7 35. Ke3 Be5 36. Kd2 Bf4+ 37. Kc2 Bc7 38. Kb1 Be5 39. Kb2 Bc7 40. Ka3 Be5
41. Kb2 Bc7 42. Bc6 f4 43. Be8 Be5 44. Kc2 Bc7 45. Kb1 Be5 46. Kb2 Bc7 47. Kc2
Be5 48. Bc6 Bc7 49. Bf3 Be5 50. Bg4+ Kd5 51. Bh5 Ke6 52. Kb2 Bc7 53. Bf3 Be5 54.
b5 Bc7 55. b6 axb6 56. a6 Bb8 57. Ka3 Kd6 58. Kb4 Ba7 59. Kb5 Kc7 60. Bd5 f6 61.
Bxc4 Kd6 62. Be2 Kc7 63. Kc4 Kc6 64. Bf3+ Kd6 65. Ba8 Ke5 66. Bc6 Kd6 67. Bb5
Ke5 68. Bc6 Kd6 69. Bb7 Ke5 70. Kb5 Kd6 71. Bf3 Kc7 72. Kb4 Kd6 73. Kc4 Ke5 74.
Kd3 Bb8 75. Bc6 Ba7 76. Ke2 Kd6 77. Bb5 Kc5 78. c4 f5 79. Kd3 Kd6 80. Be8 Ke5
81. Bd7 f3 82. gxf3 f4 83. Be8 Bb8 84. Kc3 Ba7 85. Kb4 Kd6 86. Kb5 Kc7 87. Bc6
Kd6 88. Be8 Kc7 89. Ka4 Kd6 90. Kb4 Ke5 91. Bg6 Kd6 92. Bf7 Ke5 93. Kc3 Bb8 94.
Bd5 Ba7 95. Bg8 b5 96. cxb5 Kd6 97. Kd3 Ke5 98. Kc3 Bb6 99. Kb4 Kd6 100. Bh7 Kc7
101. Bb1 Kd6 102. Ba2 Kc7 103. Kc4 Kd6 104. Kd3 Ke5 105. Bb3 Ba7 106. Kc4 Kd6
107. Kb4 Bb6 108. Bc2 Kc7 109. Be4 Kd6 110. Kc4 Ke5 111. Ba8 Kd6 112. Kc3 Ke5
113. Kb4 Kd6 114. a7 Bxa7 115. Ka5 Kc7 116. Be4 Bf2 117. Kb4 Kd6 1/2-1/2

[Event "68th ch-RUS w 2018"]
[Site "Satka RUS"]
[Date "2018.08.27"]
[Round "3.2"]
[White "Galliamova, Alisa"]
[Black "Bodnaruk, Anastasia"]
[Result "1/2-1/2"]
[WhiteTitle "IM"]
[BlackTitle "IM"]
[WhiteElo "2424"]
[BlackElo "2449"]
[WhiteFideId "4129725"]
[BlackFideId "4181751"]
[EventDate "2018.08.25"]

1. d4 Nf6 2. Nf3 g6 3. g3 Bg7 4. Bg2 O-O 5. O-O d5 6. Nbd2 c5 7. dxc5 Nbd7 8.
Nb3 Qc7 9. Bf4 e5 10. Bd2 Re8 11. Ba5 b6 12. cxb6 axb6 13. Bb4 Nc5 14. Nfd2 Bb7
15. c4 d4 16. Bxb7 Nxb7 17. e4 dxe3 18. fxe3 Nd6 19. Qe2 Nf5 20. g4 Nxg4 21.
Qxg4 Nxe3 22. Qe2 Nc2 23. Bc3 Nxa1 24. Rxa1 e4 25. Bxg7 Kxg7 26. Qe3 Re5 27. Re1
Rae8 28. Nd4 Rh5 29. Re2 f5 30. b4 Kg8 31. Qb3 Qe5 32. c5+ Kg7 33. Qc3 bxc5 34.
bxc5 Kh6 35. c6 Rd8 36. N2f3 Qf6 37. c7 Rc8 38. Ne1 Qe5 39. Rc2 f4 40. Qd2 Rxc7
41. Rxc7 Qxc7 42. Ng2 g5 43. h4 Qc5 44. a4 Kg6 45. a5 f3 46. Ne3 Rxh4 47. a6 Qd6
48. Nxf3 Qg3+ 49. Ng2 exf3 50. Qc2+ Kf6 51. Qc6+ Ke7 52. Qb7+ Ke6 53. Qc6+ Kf5
54. Qd5+ Kf6 55. Qc6+ Kg7 56. Qd7+ Kf6 57. Qc6+ Ke7 58. Qb7+ Kd8 59. Qa8+ Kc7
60. Qb7+ Kd8 61. Qa8+ Ke7 62. Qb7+ Ke6 63. Qc6+ Ke5 1/2-1/2

[Event "68th ch-RUS w 2018"]
[Site "Satka RUS"]
[Date "2018.08.27"]
[Round "3.3"]
[White "Gunina, Valentina"]
[Black "Girya, Olga"]
[Result "1/2-1/2"]
[WhiteTitle "GM"]
[BlackTitle "WGM"]
[WhiteElo "2528"]
[BlackElo "2462"]
[WhiteFideId "4167570"]
[BlackFideId "4195752"]
[EventDate "2018.08.25"]

1. d4 d5 2. c4 c6 3. Nf3 Nf6 4. e3 Bf5 5. Nc3 e6 6. Nh4 Bg6 7. Nxg6 hxg6 8. g3
Nbd7 9. Qd3 Bb4 10. Bg2 Qa5 11. Bd2 Qa6 12. b3 Nb6 13. Bf1 Qa3 14. f3 e5 15. c5
Nbd7 16. Bg2 O-O 17. O-O Rae8 18. Qc2 exd4 19. exd4 Bxc5 20. dxc5 Qxc5+ 21. Rf2
Re2 22. Rf1 Rxf2 23. Rxf2 d4 24. b4 Qxb4 25. Ne4 Qb6 26. Qb3 Nxe4 27. fxe4 Ne5
28. Bf4 Re8 29. Qxb6 axb6 30. Rb2 Nc4 31. Rb4 b5 32. a4 d3 33. axb5 d2 34. Bf3
cxb5 35. Rxb5 Rxe4 36. Kf2 Rd4 37. Bd1 b6 38. Rb4 f6 39. h4 Kf7 40. Rb1 Ke6 41.
Ke2 Kf5 42. Bc2+ Kg4 43. Bxg6 f5 44. h5 Re4+ 45. Kf2 Rxf4+ 46. gxf4 Nb2 47. Ke2
d1=Q+ 48. Rxd1 Nxd1 49. Kxd1 Kxf4 50. Kd2 Kg5 51. Ke3 f4+ 52. Kf3 b5 53. Bf7 1/2-1/2

[Event "68th ch-RUS w 2018"]
[Site "Satka RUS"]
[Date "2018.08.27"]
[Round "3.4"]
[White "Kashlinskaya, Alina"]
[Black "Kosteniuk, Alexandra"]
[Result "1/2-1/2"]
[WhiteTitle "IM"]
[BlackTitle "GM"]
[WhiteElo "2440"]
[BlackElo "2559"]
[WhiteFideId "4198026"]
[BlackFideId "4128125"]
[EventDate "2018.08.25"]

1. d4 Nf6 2. Bg5 d5 3. e3 c5 4. Bxf6 gxf6 5. dxc5 Nc6 6. Bb5 e6 7. c4 dxc4 8.
Nd2 Bd7 9. Ngf3 c3 10. bxc3 Ne5 11. Bxd7+ Nxd7 12. Qa4 Qc7 13. Ne4 Qc6 14. Qxc6
bxc6 15. Rd1 O-O-O 16. Nd4 Kc7 17. Nb3 Be7 18. Ke2 Rhg8 19. Rd4 f5 20. Nd6 Nxc5
21. Nxc5 Bxd6 22. Na6+ Kc8 23. g3 Bc7 24. Nxc7 Kxc7 25. Ra4 Ra8 26. Rd1 Rg4 27.
f4 h5 28. Rad4 h4 29. Rd7+ Kb6 30. Kf2 hxg3+ 31. hxg3 Rg7 32. Rb1+ Kc5 33. Rbb7
Rag8 34. Rxa7 Rxg3 35. Ke2 Rg1 36. Ra5+ Kb6 37. Rda7 Rd8 38. R7a6+ Kc7 39. Ra7+
Kb6 40. c4 Rc1 41. R7a6+ Kb7 42. c5 Rxc5 43. Rxc5 Kxa6 44. Rxc6+ Kb7 45. Rc3 Kb6
46. a3 f6 47. Rd3 Re8 48. Kd2 Kc5 49. Rc3+ Kb5 50. Rb3+ 1/2-1/2

[Event "68th ch-RUS w 2018"]
[Site "Satka RUS"]
[Date "2018.08.27"]
[Round "3.5"]
[White "Tomilova, Elena"]
[Black "Protopopova, Anastasiya"]
[Result "1/2-1/2"]
[WhiteTitle "WIM"]
[BlackTitle "WFM"]
[WhiteElo "2332"]
[BlackElo "2332"]
[WhiteFideId "4162340"]
[BlackFideId "24172073"]
[EventDate "2018.08.25"]

1. c4 e5 2. g3 Nf6 3. Bg2 Bc5 4. Nc3 O-O 5. e3 c6 6. Nge2 d5 7. cxd5 Nxd5 8.
Nxd5 cxd5 9. d4 exd4 10. exd4 Bb6 11. O-O Nc6 12. Nf4 Bxd4 13. Nxd5 Be6 14. Qf3
Qd7 15. Be3 Bg4 16. Qf4 Bxb2 17. Rab1 Be5 18. Qa4 Rad8 19. Qb5 Qe6 20. Rfe1 Rfe8
21. Rbc1 Qd7 22. Rb1 Qe6 23. Rbc1 Qd7 24. Rb1 Rb8 25. Nf4 Bxf4 26. Bxf4 Rxe1+
27. Rxe1 Rc8 28. Be3 h6 29. Rb1 b6 30. Rc1 Ne7 31. Qxd7 Rxc1+ 32. Bxc1 Bxd7 33.
Ba3 Kf8 34. Bd6 Ke8 35. f4 Be6 36. a3 Kd7 37. Bb4 a5 38. Bc3 f6 39. Kf2 Kd6 40.
Ke3 Bd5 41. Bh3 Be6 42. Bg2 Nf5+ 43. Kd2 Bd5 44. Bh3 Ne7 45. Bf1 Kc5 46. Bb2 Nc8
47. Ke3 Nd6 48. Bd4+ Kc6 49. g4 Be6 50. f5 Bc4 51. Bg2+ Bd5 52. Bf1 Ne4 53. Bd3
Nc5 54. Bf1 b5 55. h4 b4 56. axb4 axb4 57. Kf4 Ne4 58. Bd3 Nc5 59. Bb1 Nb3 60.
Bb2 Nd2 61. Bd3 Nf3 62. Kg3 Kc5 63. Be2 Nd4 64. Bd1 Kc4 65. Kf4 Kd3 66. g5 hxg5+
67. hxg5 Be4 68. Ba4 Ne2+ 69. Kg4 Nc3 70. Bb3 Ke3 71. gxf6 gxf6 72. Be6 Bd5 73.
Bd7 Kd2 74. Kh5 Kc2 75. Ba1 b3 76. Kg6 Ne4 77. Be6 Bc6 78. Bxb3+ Kxb3 79. Bxf6
Be8+ 80. Kg7 Bd7 1/2-1/2

[Event "68th ch-RUS w 2018"]
[Site "Satka RUS"]
[Date "2018.08.27"]
[Round "3.6"]
[White "Pogonina, Natalija"]
[Black "Goryachkina, Aleksandra"]
[Result "0-1"]
[WhiteTitle "WGM"]
[BlackTitle "WGM"]
[WhiteElo "2469"]
[BlackElo "2535"]
[WhiteFideId "4147855"]
[BlackFideId "4147103"]
[EventDate "2018.08.25"]

1. d4 d5 2. c4 c6 3. Nf3 Nf6 4. e3 Bf5 5. Nc3 e6 6. Nh4 Bg6 7. Qb3 Qb6 8. Nxg6
hxg6 9. Be2 Nbd7 10. Bd2 Be7 11. Rc1 g5 12. Qxb6 axb6 13. a3 g4 14. g3 Kf8 15.
Kf1 dxc4 16. Bxc4 b5 17. Bd3 e5 18. Kg2 Rd8 19. Ne2 exd4 20. exd4 Nd5 21. h3
gxh3+ 22. Rxh3 Rxh3 23. Kxh3 N7b6 24. Kg2 Kg8 25. Rh1 g6 26. Bc2 Nc4 27. Bc1 Re8
28. Kf3 Bf6 29. Rd1 Nc7 30. a4 Rd8 31. b3 Nb6 32. axb5 Nxb5 33. Bb2 Nd5 34. Bd3
Ndc7 35. Ke3 Nd6 36. Ra1 Nd5+ 37. Kd2 Nb4 38. Bc3 Nxd3 39. Kxd3 Nb5 40. Kc4 Nd6+
41. Kd3 Nb5 42. Bb2 Bg7 43. Kc4 f5 44. f3 Kf7 45. Rh1 g5 46. Bc1 Nxd4 47. Bxg5
Rd7 48. Nxd4 Rxd4+ 49. Kc5 Rd3 50. Rb1 Rxf3 51. Bf4 Rd3 52. Kb6 Rd7 53. Ka7 Bd4+
54. Kb8 Ke6 55. Re1+ Kd5 56. Re8 b5 57. Rf8 Ke6 58. Bc7 c5 59. Kb7 Bg7 60. Re8+
Kd5 61. Re1 c4 62. Rd1+ Bd4 63. bxc4+ bxc4 64. Kc8 Rg7 65. Rf1 Kc6 66. Bd8 Ra7
67. Kb8 Rb7+ 68. Ka8 Rd7 69. Bg5 Rg7 70. Bf4 Rg8+ 71. Bb8 Be5 0-1

[Event "68th ch-RUS w 2018"]
[Site "Satka RUS"]
[Date "2018.08.28"]
[Round "4.1"]
[White "Shuvalova, Polina"]
[Black "Goryachkina, Aleksandra"]
[Result "0-1"]
[WhiteTitle "WIM"]
[BlackTitle "WGM"]
[WhiteElo "2413"]
[BlackElo "2535"]
[WhiteFideId "24171760"]
[BlackFideId "4147103"]
[EventDate "2018.08.25"]

1. d4 d5 2. c4 c6 3. cxd5 cxd5 4. Bf4 Nc6 5. Nc3 Nf6 6. e3 Bf5 7. Nf3 e6 8. Qb3
Bb4 9. Ne5 Bxc3+ 10. bxc3 Nxe5 11. Bxe5 O-O 12. Rc1 Ne4 13. h4 f6 14. Bh2 Rc8
15. f3 Nxc3 16. Rxc3 Qa5 17. Kd2 Rxc3 18. Qxc3 Qxa2+ 19. Ke1 e5 20. Qd2 Qa1+ 21.
Qd1 Qb2 22. Be2 Rc8 23. Kf2 Rc2 24. Re1 b5 25. g4 Be6 26. Qd3 e4 27. fxe4 Bxg4
28. Bd6 dxe4 29. Qxe4 Rxe2+ 30. Kg3 h5 31. Qe8+ Kh7 32. Qe4+ f5 33. Rxe2 Qxe2
34. Qf4 Qe1+ 35. Qf2 Qh1 36. Be7 a5 37. Bd8 a4 38. Be7 Qc1 39. Bc5 a3 40. Qa2
Qxe3+ 0-1